00000000nam 2200000zi 4500
0019.929760
003CaOODSP
00520241121150843
006m     o  d f      
007cr mn|||||||||
008231031t20232023quc     o    f000 0 fre d
020 |a9780660686356
020 |z9780660686370 |q(incorrect)
040 |aCaOODSP|bfre|erda|cCaOODSP
043 |an-cn---
0861 |aEm12-111/2023F-PDF|zEm12-112/2023F-PDF
24500|aRésumé de rapport : |bAllocation canadienne pour enfants - retombées sur les dépenses et la consommation des familles / |cDirection générale des politiques stratégiques et de service, Direction de la politique sociale.
264 1|a[Gatineau, Québec] : |bEmploi et développement social Canada = Employment and Social Development Canada, |c2023.
264 4|c©2023
300 |a1 ressource en ligne (4 pages)
336 |atexte|btxt|2rdacontent/fre
337 |ainformatique|bc|2rdamedia/fre
338 |aressource en ligne|bcr|2rdacarrier/fre
500 |aPublié aussi en anglais sous le titre : Report summary: Canada Child Benefit - family expenditures and consumption impacts.
650 6|aAllocations familiales|xAspect économique|zCanada.
650 6|aCoût et niveau de la vie|zCanada.
650 6|aConsommation (Économie politique)|zCanada.
7101 |aCanada. |bEmploi et développement social Canada. |bDirection générale des politiques stratégiques et de service, |eorganisme de publication.
77508|tReport summary : |w(CaOODSP)9.929759
85640|qPDF|s277 Ko|uhttps://publications.gc.ca/collections/collection_2024/edsc-esdc/Em12-111-2023-fra.pdf
8564 |qHTML|sS.O.|uhttps://www.canada.ca/fr/emploi-developpement-social/ministere/rapports/recherche/sommaire-retombees-depenses-consommation-familles.html